Statistiques concernant Consoles Atari

Cliquez ici pour prendre le quiz!

Statistiques générales

  • Ce quiz a été pris 91 fois
  • Le résultat moyen est 3 sur 5

Statistiques - réponses

AnnéesTypesConsoles% Correct
1977SalonAtari 2600
100%
1982SalonAtari 5200
63%
1986SalonAtari 7800
63%
1993SalonJaguar
53%
1989PortableLynx
53%

Distribution des résultats

Percentile par nombre de réponses

% des personnes avec chaque résultat

Votre développement - résultats

Vous n’avez pas pris ce quiz